000 00696nam a2200205 a 4500
001 000034618
005 20200930073811.0
008 111010s2001 ve 000 0 spa d
020 _a9802763292
040 _aDO-SdBNP
_bspa
_cBNPHU
082 _axxxx
_bP436c
100 1 _aPereira, Gustavo
_960060
245 1 0 _aCostado indio :
_bsobre poesía indígena venezolana y otros textos /
_cGustavo Perira ; pról. Maritza Jiménez.
260 _aCaracas :
_bBiblioteca Ayacucho :
_bCONAC,
_c2001.
300 _a135 p. ;
_c24 cm.
490 1 _aParalelo
504 _aIncluye referencias bibliográfica y notas al pie de las páginas
700 1 _aJiménez, Maritza
_960061
830 0 _aParalelo
_960062
999 _c34109
_d34109